000 01590nam0a2200385 4500
001 RU\NLR\BIBL_A\011347158
005 20250626050517.0
010 _a978-5-386-09603-8
021 _aRU
_b2017-9532
_9701
035 _a(NLR Aleph) 011347158
090 _a11224535
_c11224535
100 _a20170316d2016 |||y0rusy50 ca
101 1 _arus
_ceng
102 _aRU
105 _aa z 001zy
200 1 _aПлохие лекарства
_dBad pharma
_eкак фармацевтические компании вводят нас в заблуждение
_fБ. Голдакр
_g[перевод с английского Т. Порошиной, В. Черепанова]
210 _aМосква
_cРипол классик
_d2016
_d(макет 2017)
215 _a574, [1] c
_cил.
_d22
225 1 _aРасследования и тайны
300 _aАвт. также на англ. яз.: Ben Goldacre
320 _aБиблиогр. в примеч.: с. 516-553
320 _aАлф. указ.: с. 554-574
333 _a0+
510 1 _6z45790
_aBad pharma
_zeng
606 1 _aФармацевтические препараты
_xИсследование
_91932462
_3RU\NLR\AUTH\661170890
606 1 _aФармацевтические препараты
_xКачество
_xКонтроль
_9974040
_3RU\NLR\AUTH\6646937
686 1 _aР282.51
686 1 _aХ621.154.2
686 1 _aХ811.4
700 1 _aГолдакр
_bБ.
_gБен
790 1 _6z45510
_aGoldacre
_bB.
_gBen
942 _cBOOK
980 _aNB